000
00339nam a2200157Ia 4500
100
_a
ADAIR/JOHN
942
_c
BK
366
_f
17.5
654
_a
decision
245
_a
Decision making and problem solving strategies
260
_b
Kogan Page
_c
2007
082
_a
658.403/ADA
_b
aDA
300
_a
110
546
_a
ENGLISH
999
_c
34826
_d
34826